|
|
|
|
| LEADER |
00000nam0a2200000 4500 |
| 001 |
293778 |
| 005 |
20231102000627.0 |
| 035 |
|
|
|a (RuTPU)RU\TPU\book\318820
|
| 090 |
|
|
|a 293778
|
| 100 |
|
|
|a 20150506d1983 km y0rusy50 ca
|
| 101 |
0 |
|
|a rus
|
| 102 |
|
|
|a RU
|
| 105 |
|
|
|a a z 000zy
|
| 200 |
1 |
|
|a О "географической спирали" и симметриях Земли
|f Ю. В. Волков
|g Московский государственный университет им. М. В. Ломоносова (МГУ)
|
| 210 |
|
|
|a Москва
|c [Б. и.]
|d 1983
|
| 215 |
|
|
|a 21 с.
|c ил.
|
| 606 |
1 |
|
|a Рельеф
|x Геоморфология
|2 stltpush
|3 (RuTPU)RU\TPU\subj\24968
|9 49232
|
| 610 |
1 |
|
|a Земля
|
| 610 |
1 |
|
|a симметрия
|
| 610 |
1 |
|
|a географическая спираль
|
| 610 |
1 |
|
|a геоид
|
| 610 |
1 |
|
|a поверхность
|
| 610 |
1 |
|
|a воображаемая линия
|
| 610 |
1 |
|
|a суша
|
| 610 |
1 |
|
|a моря
|
| 610 |
1 |
|
|a расположение
|
| 610 |
1 |
|
|a случайность
|
| 610 |
1 |
|
|a закономерность
|
| 610 |
1 |
|
|a математические основы
|
| 675 |
|
|
|a 551.4
|v 4
|
| 700 |
|
1 |
|a Волков
|b Ю. В.
|
| 712 |
0 |
2 |
|a Московский государственный университет им. М. В. Ломоносова (МГУ)
|2 stltpush
|3 (RuTPU)RU\TPU\col\7
|
| 801 |
|
1 |
|a RU
|b 63413507
|c 20150506
|
| 801 |
|
2 |
|a RU
|b 63413507
|c 20181205
|g RCR
|
| 942 |
|
|
|c BK
|